000 00600nam a2200217Ia 4500
005 20241129110133.0
008 241129s9999||||xx |||||||||||||| ||und||
020 _a9789777331128
037 _aTB
040 _aARTS
_beng
_cARTS
041 _aeng
_2ara
084 _aQ7v 28Q6
_qARTS
100 _aBahji Ainas Husni Au.
_9727351
245 0 _aTareekh al-daulata al-amuvia al-amuveen wa al-hukum al-islami
_cBahji Ainas Husni Au.
260 _c2016
300 _a331p.
365 _aINR
_b1100
650 _aIslamHistory
_9727352
942 _cTB
_hQ7v 28Q6
999 _c1227446
_d1227446